Bundesliga: Torhüter mit den meisten Spielen zu Null - Statistiken

Allgemein
  • Dieses Quiz wurde 226 mal gespielt
  • Das Durchschnittsergebnis liegt bei 9 aus 20
Antwortstatistiken
Spiele zu 0 Verein (meiste) Name % Korrekt
224 Bayern Manuel Neuer
100%
204 Bayern Oliver Kahn
96%
114 Dortmund Roman Weidenfeller
72%
103 Hoffenheim Oliver Baumann
65%
100 Stuttgart Timo Hildebrand
62%
131 Schalke Jens Lehmann
57%
137 Bayern Sepp Maier
56%
121 Schalke Frank Rost
51%
104 Leverkusen Hans Jörg Butt
50%
177 Werder Oliver Reck
40%
104 Köln Toni Schumacher
39%
106 Köln Bodo Illgner
26%
149 Stuttgart Eike Immel
23%
123 Freiburg Richard Golz
23%
146 Hamburg Ulrich Stein
23%
100 Leverkusen Rüdiger Vollborn
17%
107 Gladbach Wolfgang Kleff
17%
115 Werder Dieter Burdenski
16%
120 Schalke Norbert Nigbur
13%
102 Hamburg Rudi Kargus
13%
Keine übereinstimmenden Quizze gefunden
Verteilung der Resultate
Anzahl Personen mit jedem Resultat
Perzentil nach korrekt beantworteten Fragen
Ihre Resultats-Entwicklung
Sie haben dieses Quiz noch nicht gespielt